000 00684nam a22001817a 4500
003 UA-OsUOA
001 8865
007 ta
008 20040907b un ||||| |||| 00| 0 ukr d
100 _aМлюта І.
942 _cSA
040 _aUA-OsUOA
_cUA-OsUOA
_dUA-OsUOA
245 _aДвічі відспіваний : [ про життя і смерть на еміграції легендарного земляка графіка Гриця Гречака ]
_cІ. Млюта; Б. Яценко; Г. Носенко; І. Карпенко
300 _aС.31-33
955 _a0
773 0 _w0
_tУкраїнська культура
_dКиїв
_d2004
_g№8
650 7 _aГрафіка
_2UDC
999 _c295026
_d295026